000 00796nam a2200253Ia 4500
003 OSt
005 20220928125503.0
006 a|||||r|||| 00| 0
007 ta
008 220927b |||||||| |||| 00| 0 eng d
020 _c4001.3993999999998
024 _a119993
037 _b159, 21/10/2013, Vardhman Books
_cTextual
040 _aSDCL
_cSDCL
_beng
041 _2eng
_aeng
082 _aB2851, Q3
100 _aWebster Allen
_9388953
245 0 _aIntroductory regression analysis
_b With computer application for business and economics.
260 _aNew York
_b Routledge
_c2013
300 _axvii;72p
_ccm.
650 _aApplied Operation Research
942 _hB2851, Q3
_cTEXL
_2CC
999 _c782493
_d782493